00458 2200181 4500001002100000005001500021035002000036007000300056008004100059020001800100082001000118084001600128100001800144245004400162260004400206856001700250990000900267INLIS00000000000166920230220121017 a0010-0223000130ta230220 g 0 ind  a9789790500150 a959.8 a959.8 EKO s0 aEko Praptanto1 asejarah indonesia I : Zaman pra sejarah aJakarta :bBina sumber daya mipa,c2010 aKoleksi Umum a2861